[Event "Linares Anibal op 07th"]
[Site "Linares"]
[Date "2000.01.11"]
[Round "5"]
[White "Touzane, Olivier"]
[Black "Svetushkin, Dmitry"]
[Result "0-1"]
[WhiteElo "2348"]
[BlackElo "2486"]
[Annotator "Huzman,A"]
[PlyCount "110"]
[EventDate "2000.01.07"]
[EventType "swiss"]
[EventRounds "10"]
[EventCountry "ESP"]
[SourceTitle "CBM 075"]
[Source "ChessBase"]
[SourceDate "2000.04.05"]
[SourceVersion "1"]
[SourceVersionDate "2000.04.05"]
[SourceQuality "1"]

1. d4 d5 2. c4 dxc4 3. Nf3 a6 4. e3 e6 5. Bxc4 Nf6 6. O-O c5 7. Bb3 b5 8. a4 b4
9. Nbd2 Bb7 10. a5 Be7 11. Ba4+ Nbd7 12. dxc5 Bxc5 13. Nb3 (13. Ne5 O-O 14.
Nxd7 Nxd7 15. Nb3 Bd5 16. e4 Bc4 17. Re1 Qf6 18. Be3 Bxe3 19. Rxe3 Ne5 $15 {
0-1 Khenkin,I-Fancsy,I/Liechtenstein 74/412 1998/ (52)}) 13... O-O 14. Ne5 Nxe5
15. Nxc5 Qc7 16. Nxb7 Qxb7 17. Qd4 Ng6 18. Bd2 Rab8 19. Rfd1 Rfd8 20. Qc4 Rdc8
21. Qe2 Rc5 $1 {[%cal Yc5g5,Yg6h4,Rg5g2,Rh4g2,Rb7g2,Yc5a5][%mdl 32]} (21... Ne4
22. Be1 {1/2-1/2 Piket,J-Lautier,J/Monte Carlo 1996/CBM 56 (22)}) 22. Bb3 Nh4
23. f4 $8 (23. f3 $2 Rg5 $19) 23... Qe4 24. Be1 $2 (24. Rac1 $1 Rxa5 (24...
Rxc1 25. Bxc1 $132 {[%csl Ra6]}) 25. Rc4 Qa8 26. Be1 Ng6 27. Rxb4 $11) (24.
Rdc1 Rxc1+ 25. Rxc1 Rd8 $36) 24... Nf5 25. Bf2 h5 $36 26. h3 h4 (26... Rbc8 $5
27. g4 hxg4 28. hxg4 Ne7 29. Rd4 Qg6 $36) 27. Rd2 Rbc8 28. Rad1 g6 $1 (28...
Qc6 $2 29. e4 Nxe4 30. Rd8+ Rxd8 31. Rxd8+ Kh7 32. Qh5+ Nh6 33. Bxc5 $18) 29.
Ba2 Qc6 30. Bb1 (30. e4 Nxe4 31. Rd8+ Rxd8 32. Rxd8+ Kg7 (32... Kh7 $5) 33.
Bxc5 Qxc5+ 34. Kh2 Ne3 $1 {[%cal Ye4g3,Ye3f1]} (34... Qxa5 35. Rd7 Nfg3 36. Qc4
$132) 35. Rc8 Qxc8 (35... Qd4 $5 36. Rc1 (36. Rd8 Qxd8 37. Qxe3 Nf6 $19) 36...
Nd2 37. Kh1 (37. Re1 Qxf4+ 38. Kg1 Nxg2 $1 39. Kxg2 (39. Qxg2 Nf3+ 40. Kf1
Nxe1+ 41. Kxe1 Qc1+ 42. Ke2 b3 $1 $19) (39. Qe5+ Qxe5 40. Rxe5 Nf3+ 41. Kxg2
Nxe5 $19) 39... Qg3+ 40. Kh1 Nf3 $19) 37... Qxb2 (37... Nf5 $2 38. Qe5+ Qxe5
39. fxe5 Ng3+ 40. Kh2 Ndf1+ 41. Kg1 Ne2+ 42. Kxf1 Nxc1 43. Bc4 $18) 38. Re1 Nf5
$17) 36. Qxe3 Ng3 $17) 30... Ne4 31. Rd8+ (31. Bxe4 $1 Qxe4 32. Qd3 Qxd3 (32...
Rc4 33. Qxe4 Rxe4 34. Rd8+ Rxd8 35. Rxd8+ Kg7 36. Ra8 $14) 33. Rxd3 Rxa5 34. e4
Ng3 35. Bxg3 hxg3 36. Rxg3 Rc4 (36... Ra2 37. Rd2 a5 38. f5 $132 a4 39. fxe6
fxe6 40. Rd7 $132) 37. Re3 Ra2 38. Re2 a5 $15) 31... Rxd8 32. Rxd8+ Kh7 33.
Bxe4 Qxe4 $17 34. Qd3 Ng3 $1 35. Kh2 Qxd3 36. Rxd3 Nf1+ $1 37. Kg1 Rc1 38. Bxh4
Nxe3+ 39. Kh2 Nd5 {[%csl Ra5]} 40. Rb3 Rc4 41. Bg3 Rc5 $19 42. Bf2 Rxa5 43. Kg3
Ra1 44. Bd4 Rd1 45. Bc5 a5 46. Bd6 Rd2 47. Kf3 a4 48. Bxb4 Rc2 49. Ra3 Nxb4 50.
Rxa4 Rxb2 51. g4 Rb3+ 52. Ke4 Nd5 53. Ra7 Kg7 54. f5 gxf5+ 55. gxf5 Nf6+ 0-1

[Event "Cannes masters k.o."]
[Site "Cannes"]
[Date "2000.02.20"]
[Round "2.1"]
[White "Tkachiev, Vladislav"]
[Black "Lupu, Mircea Sergiu"]
[Result "1-0"]
[WhiteElo "2670"]
[BlackElo "2478"]
[Annotator "Huzman,A"]
[PlyCount "73"]
[EventDate "2000.02.19"]
[EventType "k.o."]
[EventRounds "5"]
[EventCountry "FRA"]
[SourceTitle "CBM 076"]
[Source "ChessBase"]
[SourceDate "2000.05.31"]
[SourceVersion "1"]
[SourceVersionDate "2000.05.31"]
[SourceQuality "1"]

1. d4 d5 2. c4 dxc4 (2... c6 3. Nf3 e6 4. e3 Nf6 5. Bd3 dxc4 6. Bxc4 c5 7. O-O
a6 8. Bb3 Nc6 9. Qe2 Qc7 10. Rd1 Be7 11. Nc3 O-O 12. Bd2 b5 13. Rac1 c4 14. Bc2
Rd8 15. a4 Rb8 16. Ne4 e5 17. dxe5 Nxe4 18. Bxe4 Nxe5 19. axb5 axb5 $11 {
0-1 Yermolinsky,A-Wolff,P/USA-ch 1992/TD (47)}) 3. e3 a6 4. Bxc4 e6 5. Nf3 Nf6
6. O-O c5 7. Bb3 Nc6 8. Nc3 Be7 9. Qe2 O-O 10. Rd1 Qc7 11. Bd2 (11. e4 Ng4 (
11... cxd4 12. Nxd4 Nxd4 13. Rxd4 Nd7 14. Be3 b5 (14... Nc5 15. Bc2 b5 16. Rad1
Bf6 17. e5 Bxe5 18. Bxh7+ Kxh7 19. Rh4+ Kg8 20. Bxc5 Qxc5 21. Qe4 f5 22. Qxa8 {
1-0 Maric,A-Danielian,E/Elista 1998/CBM 66 ext (37)}) 15. Rc1 Nc5 16. Bd1 b4
17. Rc4 Qa5 18. a3 Nb7 19. axb4 Bxb4 20. Na4 Nd6 21. Bb6 Qg5 22. h4 Qb5 23.
Rxb4 Qxb4 24. Bc5 Qb5 25. Bxd6 $16 {0-1 Tsedenov,S-Naes,F/Elista 1998/CBM 66
ext (53)}) 12. g3 Nxd4 13. Nxd4 cxd4 14. Qxg4 dxc3 15. bxc3 Qxc3 16. Be3 Qf6
17. Qe2 e5 18. Bd5 a5 19. Rab1 Bb4 20. Rb3 $44 {1/2-1/2 Stimpel,F-Berndt,M/
Germany 1995/GER (39)}) (11. a3 b5 12. d5 Na5 13. Bc2 b4 14. axb4 cxb4 15. Ne4
Nxd5 16. Neg5 g6 17. e4 Nf6 18. e5 Nh5 19. Ne4 $44 {1-0 Berry,N-Player,E/
Scarborough 1999/CBM 71 ext (33)}) 11... cxd4 (11... b6 12. Rac1 Bb7 13. dxc5
bxc5 14. Na4 Ne4 15. Be1 Rfd8 16. Bc2 Rxd1 17. Rxd1 Nb4 18. Bb1 a5 19. b3 $14 {
1-0 Lerner,K-Garcia Palermo,C/Polanica Zdroj 1985/MCD (43)}) (11... e5 12. dxe5
Nxe5 13. h3 Nxf3+ 14. Qxf3 c4 15. Bc2 Qe5 16. Na4 Be6 17. Bc3 Qg5 18. Bd4 b5
19. Nc3 Rad8 20. a3 Rd7 $11 {1/2-1/2 Obukhov,A-Meister,Y/Cheliabinsk 1990/EXT
2000 (63)}) (11... Bd7 12. Rac1 cxd4 13. exd4 Rad8 14. Bg5 Qb6 15. d5 Na5 16.
Be3 Qb4 17. Bc2 Nxd5 18. Nxd5 exd5 19. Bd2 {1-0 Csiszar,C-Sapi,L/HUN-chT 9394
1994/TD (19)}) (11... b5 12. dxc5 Bxc5 13. Rdc1 Ne5 14. Nxe5 Qxe5 15. Qf3 Rb8
16. e4 Bd6 17. g3 Nd7 18. Rd1 Qf6 19. Qxf6 Nxf6 20. Be3 Be5 21. Bc5 Re8 $11 {
0-1 Gurevich,D-Kaidanov,G/Philadelphia 1995/EXT 2000 (52)}) 12. exd4 Na5 13.
Bc2 Nc4 $2 (13... b5 14. Bg5 (14. Rac1 Nc4 15. Ne4 Nd5 (15... Bb7 16. Nxf6+
Bxf6 17. b3 $18) (15... Qb8 16. Nxf6+ Bxf6 17. Bg5 $1 $40) 16. Bg5 (16. Bd3 Qb6
17. Bg5 f6 18. b3 $1 Nd6 19. Bd2 $14 (19. Nxd6 Bxd6 20. Qe4 f5)) 16... f6)
14... Bb7 15. Rac1 $36) 14. Bg5 $1 Nxb2 (14... h6 15. Bxf6 Bxf6 16. Rac1 $1
Nxb2 $140 17. Na4 $1 $18) 15. Rdc1 Nc4 (15... Qc4 16. Qd2 $1 Qc6 17. Ne5 Qe8
18. Bb3 $18) 16. Ne4 $1 b5 (16... Nd5 17. Bxe7 Nxe7 18. Ned2 b5 19. Nxc4 bxc4
20. Qe4 $18) 17. Nxf6+ gxf6 18. Bh6 (18. Qe4 $2 f5 19. Qxa8 Bb7 $17) 18... Bb7
(18... Rd8 19. Ne5 f5 20. Qf3 (20. Bxf5 exf5 21. Qf3 Bh4 (21... Rxd4 22. Qxa8
Bd6 23. Nf3 $16) 22. Nxc4 bxc4 23. Qxa8 Bb7 24. Qa7 Qc6 25. f3 Bf6 26. Be3 Ra8
27. Qc5 Qxc5 28. dxc5 Bxa1 29. Rxa1 $14) 20... Rxd4 21. Qxa8 (21. Nc6 Bb7 22.
Qg3+ Qxg3 23. Nxe7+ Kh8 24. hxg3 Rd7 25. Nxf5 exf5 26. Bxf5 $14) 21... Nxe5 22.
Bxf5 Nc4 23. Be4 $16) 19. Ne5 f5 20. Qd3 $6 (20. Bxf8 $1 Rxf8 21. Bd3 $16)
20... Bh4 21. Qh3 Qe7 22. Re1 $2 (22. Bxf8 Rxf8 23. Bd3 Nxe5 24. dxe5 Rd8 $132)
22... Nxe5 (22... Rfd8 23. Nxc4 (23. Bxf5 Nxe5 24. Rxe5 Qf6 $17) 23... bxc4 24.
Bxf5 Qf6 $17) 23. Rxe5 Rfc8 24. Bb3 Kh8 (24... Bf6 $17) 25. Rae1 Bg5 $2 (25...
Bf6 26. Qxf5 (26. Rxf5 Qb4 $19) 26... Rg8 27. d5 exf5 28. Rxe7 Bxe7 29. Rxe7
Rae8 30. d6 Rxe7 31. dxe7 Re8 32. Bf8 Kg8 $17) 26. d5 $1 $36 Rc5 $6 (26... Bf6
27. R5e3 (27. R5e2 Rc3 28. Qh5 (28. Qxf5 exf5 29. Rxe7 Bxe7 30. Rxe7 Rac8)
28... Rg8 $13 (28... Rxb3 29. axb3 Bxd5 $132)) (27. Qxf5 exf5 28. Rxe7 Bxe7 29.
Rxe7 Re8) 27... Rg8 28. g3 Bd4 29. dxe6 Bxe3 30. exf7 Qe4 31. fxg8=Q+ Rxg8 32.
fxe3 Qh1+ 33. Kf2 Qf3+ $11) 27. Qh5 Rg8 (27... Bxh6 28. Qxh6 Rg8 29. g3 $14)
28. g3 Qf6 (28... Bxd5 29. Rxd5 (29. Bxd5 Qf6 30. Bxg5 Rxg5 31. Qf3 Rg8 $17)
29... Rxd5 30. Bxd5 Qb4 (30... Qf6 31. Bxe6 fxe6 32. Bxg5 Rxg5 33. Qe8+ Rg8 34.
Qxe6 $14) 31. Rxe6 fxe6 32. Bxg5 Qb1+ 33. Kg2 Rxg5 34. Qxg5 exd5 $11) 29. Bxg5
Rxg5 30. Qd1 Bxd5 31. Qd4 Rc6 (31... Bxb3 $5 32. Qxc5 Bxa2 $11) 32. Bxd5 exd5 (
32... Rd6 33. Qc5 Rxd5 34. Rxd5 exd5 35. Qxd5 f4 $15) 33. Qxd5 Kg7 $2 (33...
Rd6 34. Qf3 (34. Qc5 Kg7 35. h4 Rg6 36. Rxf5 Qd4 $11) 34... f4 $132) 34. h4 Rg4
$2 {[%mdl 8192]} (34... Rh5 $8 35. Re7 Rh6 36. R7e5 (36. R1e5 f4 $132) 36... f4
(36... Rh5 37. Qf3 Qg6 38. Kf1 $44) 37. Rf5 Re6 38. Rxe6 Qxe6 39. Qd4+ $16) 35.
Rxf5 $18 Qd4 (35... Qg6 36. h5 $18) (35... Rd6 36. Qf3 $18) 36. Qxf7+ Kh8 37.
Re8+ 1-0

[Event "Yerevan zt 1.5"]
[Site "Yerevan"]
[Date "2000.06.13"]
[Round "7"]
[White "Sturua, Zurab"]
[Black "Sendur, Adnan"]
[Result "1-0"]
[WhiteElo "2595"]
[BlackElo "2335"]
[Annotator "Huzman,A"]
[PlyCount "71"]
[EventDate "2000.06.07"]
[EventType "swiss"]
[EventRounds "9"]
[EventCountry "ARM"]
[SourceTitle "CBM 078"]
[Source "ChessBase"]
[SourceDate "2000.10.18"]
[SourceVersion "1"]
[SourceVersionDate "2000.10.18"]
[SourceQuality "1"]

1. Nf3 d5 2. d4 Nf6 3. c4 dxc4 4. e3 e6 5. Bxc4 a6 6. O-O c5 7. Bd3 Nc6 8. Nc3
cxd4 9. exd4 Nb4 (9... Be7 10. Bg5 O-O 11. Rc1 Qa5 12. Ne4 Nxe4 13. Bxe7 Nxe7
14. Bxe4 Nd5 $14 {Moskalenko,V-Baburin,A/Leningrad chT/1989/}) 10. Bb1 b6 (
10... Be7 11. Bg5 (11. Re1 O-O 12. Ne5 Nbd5 13. Qd3 Bd7 14. Qg3 Re8 15. Bh6 Bf8
16. Bg5 Bc6 17. Nxd5 exd5 18. Bc2 $14 {1-0 Cvitan,O-Raetsky,A/Biel 1993/TD (54)
}) 11... O-O 12. a3 Nc6 (12... Nbd5 13. Ne5 Bd7 14. Qd3 g6 15. Re1 Rc8 16. Ba2
Nxc3 17. bxc3 Ng4 18. Nxd7 Qxd7 19. Bd2 Bd6 20. h3 Nf6 21. Qf3 Ne8 22. a4 Ng7
23. a5 $16 {1-0 Avrukh,B-Valenta,V/Olomouc 1996/EXT 98 (43)}) 13. Qc2 g6 14.
Rd1 Nd5 15. Bh6 Re8 16. Ne5 Bd7 17. Nxd5 exd5 18. Ba2 Nxe5 19. dxe5 Bc6 20. Qd2
Qc7 21. Bf4 Rad8 22. Rac1 Qd7 $11 {1/2-1/2 Gretarsson,H-Thorhallsson,T/
Reykjavik 1997/CBM 62 (65)}) (10... Nbd5 11. Bg5 Be7 12. Qd3 b5 13. Ne5 Qb6 14.
a4 b4 15. a5 Qc7 16. Nxd5 Nxd5 17. Rc1 Qd6 18. Nc4 Qd8 19. Bxe7 Qxe7 20. Nb6
Nxb6 21. axb6 Qb7 {[#]} 22. Qg3 O-O 23. Qd6 $16 {1-0 San Segundo,P-Montoya
Bello,F/ESP-chT 1995/CBM 50 ext (38)}) 11. a3 Nbd5 12. Ne5 Nxc3 (12... Bb7 $142
13. Qa4+ (13. Bg5 Be7 14. Qd3 h6 $11 15. Bh4 $140 Nf4 $17) (13. f4 $5 g6) 13...
Nd7 14. Bg5 f6 15. Bh4 b5 16. Qb3 (16. Qd1 Nxe5 17. dxe5 Nxc3) 16... Be7 17.
Nd3 Qb6 $132) 13. bxc3 Bb7 14. c4 b5 (14... Be7 15. Qa4+ Nd7 16. Rd1 $36) 15.
d5 $1 exd5 (15... Bd6 16. Bb2 exd5 17. cxb5 axb5 18. Ng4 $1 $40) 16. cxb5 Bd6
17. Ng4 $1 (17. Bb2 Bxe5 18. Bxe5 axb5 19. Bd3 $36) 17... O-O 18. Bb2 $36 (18.
bxa6 Bc8 $1 19. Nxf6+ Qxf6 20. Qc2 Qh4 21. g3 Qh5 $132) 18... Nxg4 (18... Ne4
$5 19. Qd4 (19. bxa6 Rxa6 20. Bd3 Ra5 $132) 19... Qg5 20. Bxe4 dxe4 21. Qxd6
Qxg4 22. h3 (22. b6 e3 23. f3 Qg5 $132) 22... Qg5 $132 {[%cal Ye4e3]}) 19. Qxg4
g6 (19... f6 $2 20. Qe6+ Kh8 21. Qh3 $18) 20. Ba2 axb5 $2 (20... Re8 $1 21.
Rfe1 (21. bxa6 Rxa6 22. Qf3 (22. Rfe1 Rxe1+ 23. Rxe1 Bxa3 $17) 22... Qh4 23. h3
Qe4 $15) 21... Qa5) 21. Qd4 f6 22. Bxd5+ Bxd5 23. Qxd5+ Kh8 24. Rfd1 Be5 $2 (
24... Ra6 $1 25. Qb7 (25. a4 bxa4 26. Ba3 Qc8 27. Bxd6 (27. Rac1 Bxa3 28. Rxc8
Rxc8 29. Qb7 Rac6 $11) 27... Rd8 $11) (25. Qf3 Qe7 $14) (25. Qxb5 Rb6 26. Qe2
Bxh2+ $1 $11) 25... Qb6 26. Qf3 Kg7 27. Rd5 $14) 25. Bxe5 fxe5 (25... Qxd5 26.
Rxd5 fxe5 27. Rxb5 Rfc8 28. Kf1 $16) 26. Qxb5 Qf6 27. Qe2 $16 {/+-Now White
should win combaining movement of pawn a3 with game against weak black king
and pawn e5.} Ra4 28. h3 Rf7 29. Qe3 Kg7 30. Rd5 e4 31. Rad1 Qf4 32. Qc5 {
[%cal Gd5d7] The plan of White contains exchange of one pair of the rooks.} e3
$6 33. fxe3 Qf2+ 34. Kh1 Rg4 35. R5d2 $18 Qh4 36. Rd7 1-0

[Event "EU-ch 1st"]
[Site "Saint Vincent"]
[Date "2000.07.06"]
[Round "4"]
[White "Timman, Jan H"]
[Black "Markowski, Tomasz"]
[Result "1-0"]
[WhiteElo "2639"]
[BlackElo "2568"]
[Annotator "Huzman,A"]
[PlyCount "119"]
[EventDate "2000.07.03"]
[EventType "swiss"]
[EventRounds "11"]
[EventCountry "ITA"]
[SourceTitle "CBM 078"]
[Source "ChessBase"]
[SourceDate "2000.10.18"]
[SourceVersion "1"]
[SourceVersionDate "2000.10.18"]
[SourceQuality "1"]

1. d4 {Hecht} d5 2. c4 e6 3. Nf3 dxc4 4. e3 c5 5. Bxc4 a6 6. O-O Nf6 7. Bb3
cxd4 8. exd4 Nc6 9. Nc3 Be7 10. d5 exd5 11. Nxd5 Nxd5 12. Bxd5 O-O 13. Be3 Qa5
(13... Bf6 14. Bc5 Re8 15. Ba3 Qc7 16. Re1 Rxe1+ 17. Qxe1 Bd7 18. Qd2 h6 19.
Rd1 Rd8 20. Qc2 Qb6 21. Qb3 Qxb3 22. Bxb3 Na5 $17 {0-1 Alexander,P-Magem
Badals,J/Corsica 1997/EXT 99 (30)}) (13... Nb4 14. Be4 Qxd1 15. Rfxd1 f5 16.
Bb1 Nc6 $6 (16... Be6 $11) 17. Bd3 Be6 18. Ng5 Bd5 19. Bxa6 Rxa6 20. Rxd5 $14 {
1/2-1/2 Karpov,A-Sadvakasov,D/Hoogeveen 1999/CBM 74/[Huzman] (76)}) 14. Qb3 Nb4
(14... Qb4 15. Qc2 $1 Rd8 (15... Bg4 16. Bxc6 bxc6 17. Ne5 $16) 16. Rad1 $36 (
16. Be4 h6 17. a3 Qb5 18. Rac1 $14)) 15. Bc4 Qh5 $1 16. Bd2 (16. a3 Nc6 (16...
b5 17. axb4 bxc4 18. Qxc4 Be6 19. Qf4 $14) 17. Bd5 Na5 18. Qa2 $14) 16... Nc6 (
16... b5 $5 17. Bxb4 bxc4 18. Qa3 $1 (18. Qxc4 Be6 19. Qf4 Bxb4 20. Qxb4 Rab8
21. Qd2 (21. Qa3 Bd5 $44) 21... Rfd8 22. Nd4 Rb6 23. Qc3 Bd5 $44) 18... Bxb4
19. Qxb4 Be6 20. Rfe1 $14) 17. Rfe1 Bg4 18. Bd5 $1 Rad8 19. Bxc6 bxc6 20. Re5
$1 Qg6 21. Rxe7 Bxf3 22. Qxf3 Rxd2 23. Rb7 h6 (23... Rfd8 $5 24. Re1 $140 (24.
h3 R2d3) 24... Qe6) 24. Re1 Rd3 25. Qe2 Rfd8 26. g3 Qf6 27. Qe7 Qf3 (27... Rd1
28. Kg2 Rxe1 29. Qxe1 Qf5 $11) 28. Qe4 Qf6 29. Kg2 c5 30. Re2 c4 31. Rc7 $14
R3d4 (31... c3 32. Rc6 cxb2 33. Rxf6 b1=Q 34. Rxa6 $16) 32. Qe7 Qxe7 33. Rexe7
Rf8 34. Rb7 Rd6 (34... Rd5 $5 {[%cal Yd5b5]} 35. a4 $1 Ra5 36. Rb4 Rc8 (36...
Rc5 37. Ra7 Rc6 38. a5 $16) 37. h4 c3 $140 38. bxc3 Rxc3 39. Rf4 f5 (39... f6
40. Rd4 Re5 41. Ra7 $18) 40. Rd4 Kh7 41. Rdd7 Kg6 42. Rxg7+ Kf6 43. h5 $18) 35.
Rec7 $16 Rf6 (35... Rd4 36. Rb4 $16) 36. Rxc4 Rd8 37. Rc3 $1 g5 38. Rf3 Rxf3
39. Kxf3 Rd2 40. Ke3 Rc2 41. h4 {In this kind of endgames the plan of White is
to move the king on the queen's side for helping the passed pawn. It is
usually connected with sacrifise pawns of the king's side. That's why White
take the pawns out of the second rank.} gxh4 (41... g4 $142) 42. gxh4 {Hecht:
'[#] Weiß verbessert erst (Raumgewinn) die Stellung am Königsflügel, ehe er
seinen Freibauern etabliert, der sofort vom König assistiert wird.'} Kg7 43.
Rb6 h5 44. Kf3 f6 45. Kg3 Kg6 46. a4 a5 47. Rb5 Rc4 48. b3 Rc3+ 49. Kf4 Rd3 {
'?!' Hecht.} (49... Rh3 $142 {Hecht} 50. f3 Rxh4+ 51. Kg3 Rd4 52. Rxa5 Rd2 53.
Rb5 Ra2 54. a5 Ra1 55. b4 Ra2 56. Rb6 Kg5 57. f4+ (57. a6 h4+ 58. Kh3 Rf2 59.
b5 Rxf3+ 60. Kh2 Ra3 61. Rb7 Ra2+ 62. Kg1 Ra1+ 63. Kg2 Ra2+ 64. Kf3 h3 $132)
57... Kf5 58. a6 $18) 50. f3 Rc3 51. Ke4 $18 Kh6 {'?' Hecht. Hecht: 'Sperrt
den König aus und ist chancenlos.'} (51... f5+ $5 {Hecht} 52. Rxf5 Rxb3 53.
Rxa5 Rb4+ 54. Ke5 Rxh4 55. f4 Rh1 56. Ra6+ Kg7 {und durch den eigenen
Freibauern hat Schwarz Gegenspiel. Urteil? - Analyse!}) 52. f4 Kg6 53. f5+ Kh6
54. Kd5 {Now White begin winning break of the king.} Re3 55. b4 axb4 56. Rxb4
Re5+ 57. Kc6 Rxf5 58. Kb6 Re5 59. a5 Re6+ 60. Kb5 1-0

[Event "Hyderabad WIPRO"]
[Site "Hyderabad"]
[Date "2000.07.24"]
[Round "9"]
[White "Vladimirov, Yevgeniy"]
[Black "Sorokin, Maxim"]
[Result "1-0"]
[WhiteElo "2598"]
[BlackElo "2541"]
[Annotator "Huzman,A"]
[PlyCount "91"]
[EventDate "2000.07.16"]
[EventType "tourn"]
[EventRounds "11"]
[EventCountry "IND"]
[EventCategory "10"]
[SourceTitle "CBM 079"]
[Source "ChessBase"]
[SourceDate "2000.11.21"]
[SourceVersion "1"]
[SourceVersionDate "2000.11.21"]
[SourceQuality "1"]

1. d4 d5 (1... Nf6 2. c4 e6 3. Nc3 Bb4 4. e3 d5 5. Nf3 c5 6. Bd3 O-O 7. O-O
cxd4 8. exd4 dxc4 9. Bxc4 Nc6 10. a3 Be7 11. Re1 a6 12. Bf4 b5 13. Ba2 Bb7 14.
d5 exd5 15. Nxd5 Nxd5 16. Bxd5 Bf6 17. Rc1 Rc8 18. Bd6 Re8 19. Qd2 Qd7 20. Red1
Red8 21. Be4 Qe6 22. Qf4 Nd4 $1 $17 {0-1 Lilienthal,A-Boleslavsky,I/Kuibyshev
1942/HCL (39)}) 2. c4 dxc4 3. Nf3 e6 4. e3 a6 5. Bxc4 Nf6 6. O-O c5 7. Bb3 Nc6
8. Nc3 cxd4 9. exd4 Be7 10. Re1 O-O 11. a3 b5 12. d5 Nxd5 13. Nxd5 exd5 14.
Bxd5 Bb7 15. Bf4 Bf6 16. Rc1 Qd7 (16... Rc8 17. b4 Ba8 (17... Qd7 18. Bg5 (18.
Ng5 Bxg5 19. Bxg5 Rfe8 20. Rxe8+ Rxe8 21. Bf3 Qxd1+ 22. Rxd1 Ba8 23. Bf4 Ne7
24. Bxa8 Rxa8 25. Rd7 Ng6 26. g3 Nxf4 27. gxf4 g6 $11 {1/2-1/2 Schandorff,
L-Baburin,A/Copenhagen DEN 1999 (44)}) 18... Bxg5 19. Nxg5 Qf5 20. Rc5 $1 Qg6
21. Be4 f5 22. Rxf5 $1 Rxf5 23. Bxf5 Qxf5 24. Qb3+ Kf8 25. Ne6+ Kg8 26. Nd8+
Kf8 27. Nxb7 $18 {1-0 Huzman,A-Zilberman,Y/Ramat-Aviv 2000/ (31)}) 18. Rc5 Nd4
$1 19. Rxc8 Nxf3+ 20. Qxf3 Qxc8 $11 {1/2-1/2 Tsesarsky,I-Zilberman,Y/
Ramat-Aviv 2000}) 17. Bg5 $1 (17. Bxc6 Bxc6 18. Qxd7 Bxd7 19. Be5 Bd8 $11)
17... Bxg5 (17... Bxb2 18. Be7 $1 Rfd8 (18... Nd4 19. Bxb7 Qxb7 20. Nxd4 Rfe8
21. Nf5 Bxc1 22. Qxc1 $16) 19. Bxd8 Rxd8 (19... Bxc1 20. Be7 $1 Kh8 21. Bxc6
$18) 20. Bxc6 Bxc6 21. Qxd7 Bxd7 22. Rcd1 Kf8 23. Ne5 $18) 18. Nxg5 h6 (18...
Qf5 19. Rc5 $1 Qg6 20. Be4 $18) 19. Ne6 (19. Qc2 hxg5 20. Bxc6 Bxc6 21. Qxc6
Qxc6 22. Rxc6 Rfc8 23. Rec1 Rxc6 24. Rxc6 Rd8 25. Kf1 Rd3 $1 26. Rxa6 Rb3 $11)
19... Rfe8 20. Bxc6 Bxc6 21. Qxd7 Bxd7 22. Nc5 $14 {The advantage of White is
determined by weakness of pawns a6 and b5 ,but it is more important that Nc5
is stronger than Bd7.} Rxe1+ 23. Rxe1 Bc6 24. f3 Kf8 25. Kf2 a5 26. Re5 $1 Rd8
27. Ke2 Bd5 $1 $11 28. Re3 Rd6 (28... Bc4+ 29. Ke1 a4) 29. b3 Rc6 $2 (29... f6
$142) 30. Nd7+ Kg8 31. Re8+ Kh7 32. Nf8+ Kg8 33. Ne6+ Kh7 34. Nf8+ Kg8 35. Ne6+
Kh7 36. Nd4 Rc3 37. Kd2 b4 38. Re5 Bxb3 $2 (38... Rc5 $142 39. axb4 axb4 40.
Nc2 f6 41. Rf5 g6 (41... Rb5 42. Ne3 Bc6 43. Rxb5 Bxb5 44. Nd5 $16) 42. Rxf6
Bxb3 43. Nxb4 $16) 39. Rxa5 Bc4 40. axb4 $1 Rd3+ 41. Kc2 Rxd4 42. Kc3 Rf4 43.
g3 Rxf3+ 44. Kxc4 $18 Rf2 45. b5 Rxh2 46. b6 (46. b6 Rc2+ 47. Kd5 Kg6 48. b7
Rb2 49. Kc6 $18 {[%cal Ga5b5]}) 1-0

[Event "Montecatini Terme"]
[Site "Montecatini Terme"]
[Date "2000.07.29"]
[Round "2"]
[White "Bareev, Evgeny"]
[Black "Rublevsky, Sergei"]
[Result "1/2-1/2"]
[WhiteElo "2702"]
[BlackElo "2670"]
[Annotator "Huzman,A"]
[PlyCount "65"]
[EventDate "2000.07.28"]
[EventType "tourn"]
[EventRounds "7"]
[EventCountry "ITA"]
[EventCategory "17"]
[SourceTitle "CBM 079"]
[Source "ChessBase"]
[SourceDate "2000.11.21"]
[SourceVersion "1"]
[SourceVersionDate "2000.11.21"]
[SourceQuality "1"]

1. d4 d5 2. Nf3 e6 3. c4 dxc4 4. e3 c5 5. Bxc4 a6 6. O-O Nf6 7. Bb3 cxd4 8.
exd4 Nc6 9. Nc3 Be7 10. Re1 O-O 11. h4 Na5 12. Bc2 b5 13. Qd3 Bb7 14. h5 Bxf3
15. Qxf3 Qxd4 16. Bf4 h6 (16... b4 17. Rad1 Qc4 (17... Qc5 18. Re5 Qb6 19. Qg3
bxc3 20. Bh6 g6 21. hxg6 fxg6 22. Bxg6 Kh8 23. Bxh7 Rf7 24. Bg6 Rg8 25. Be3 c2
26. Rf1 Qxb2 27. Rxa5 (27. Qh2+ $1 Rh7 28. Bxh7 Nxh7 29. Rh5 Rg7 30. Rxa5 $18)
27... Nh7 $13 {0-1 Yermolinsky,A-Kaidanov,G/ch-USA, Seattle USA 2000 (38)}) 18.
Bd3 Qc6 19. Ne4 Nd5 20. Be5 f5 21. Qg3 Rf7 22. Nd2 Nb7 23. Nf3 Nc5 24. Nd4 Qb6
25. Nxf5 exf5 26. Bc4 Nf6 27. Bc7 {1-0 Kramnik,V-Huebner,R/Dortmund GER 2000 
(27)}) 17. Rad1 Qc5 18. Qg3 (18. Be5 Rfd8) (18. Re5 Qb4 19. Re2 Nc4 20. b3 Na3
21. Be4 Rad8 $17) 18... Nxh5 (18... Qxh5 $5 19. Re5 Qg4 20. Nd5 (20. Qh2 Nh7
21. Rd7 Bf6 22. f3 Qh4 23. Qxh4 Bxh4 24. a4 Nc4 $17) 20... exd5 21. Qxg4 Nxg4
22. Rxe7 Rfe8 $17) 19. Qd3 Qf5 (19... f5 20. Bh2 Nc4 21. Qe2 Nxb2 22. Rd7 $44)
20. Qxf5 exf5 21. Nd5 (21. Bxh6 $5 Bf6 22. Bc1 g6 23. Nd5 $44) 21... Nxf4 (
21... Bb4 22. Nxb4 Nxf4 23. Bxf5 $44) 22. Nxe7+ Kh7 23. g3 Nh5 24. Bxf5+ g6 25.
Be4 Rad8 26. Nd5 Kg7 (26... Nc4 27. b3 (27. g4 $5 f5 28. gxf5 gxf5 29. Bf3 $44)
27... Ne5 (27... Nd6 28. Bf3 Ng7 29. Nf6+ Kh8 30. Re7 Ngf5 31. Ra7 $44) 28. Bg2
Ng4 29. Nc7 $11) 27. Nc7 $11 Nf6 28. Bf3 Rxd1 29. Rxd1 Rc8 30. Rc1 Rd8 31. Rd1
Rc8 32. Rc1 Rd8 33. Rd1 1/2-1/2

[Event "Budapest zt 1.4"]
[Site "Budapest"]
[Date "2000.06.21"]
[Round "5"]
[White "Pinter, Jozsef"]
[Black "Bratanov, Zsivko"]
[Result "1-0"]
[WhiteElo "2553"]
[BlackElo "2332"]
[Annotator "Huzman,A"]
[PlyCount "51"]
[EventDate "2000.06.17"]
[EventType "swiss"]
[EventRounds "9"]
[EventCountry "HUN"]
[SourceTitle "CBM 078"]
[Source "ChessBase"]
[SourceDate "2000.10.18"]
[SourceVersion "1"]
[SourceVersionDate "2000.10.18"]
[SourceQuality "1"]

1. d4 d5 2. Nf3 Nf6 3. c4 dxc4 4. e3 e6 5. Bxc4 c5 6. O-O a6 7. Bb3 Nc6 8. Qe2
cxd4 9. Rd1 d3 10. Rxd3 Qc7 11. Nc3 Bd6 12. e4 Ng4 (12... Ne5 13. Nxe5 Bxe5 14.
f4 Bxf4 15. Bxf4 Qxf4 16. e5 Nd7 17. Rf1 Qxe5 18. Re3 Qd4 19. Rd1 Qa7 20. Ne4
O-O 21. Kh1 Ne5 22. Rh3 $18 {1/2-1/2 Yusupov,A-Ivanchuk,V/Riga Tal 1995/CBM 47/
(31)}) 13. h3 Nge5 14. Rd1 (14. Nxe5 Nxe5 15. Rd1 O-O 16. Be3 Bd7 17. Rac1 Bc6
18. Qh5 Ng6 {[#]} 19. Nd5 $1 exd5 20. exd5 Qa5 21. Bd2 Qb5 22. Bc4 Qxb2 23.
dxc6 bxc6 24. Bb3 $16 {1-0 Cvitan,O-Vaulin,A/Oberwart 1997/EXT 99/(49)}) 14...
O-O 15. Be3 Nxf3+ 16. Qxf3 b5 17. Qg4 Bb7 (17... Ne5 18. Qh5 Bb7 19. Rac1 Nc4)
18. Rac1 Qe7 $2 {[%mdl 8192]} 19. Bg5 $1 Qc7 20. Bf6 g6 21. Nd5 $1 exd5 (21...
Qb8 22. Nb6 $18) 22. exd5 Rfc8 (22... Bf4 23. Rc2 Rac8 24. dxc6 Bxc6 25. Rxc6
Bh2+ 26. Kh1 Qxc6 27. Qd4 (27. Bc3 $5 {[%cal Gg4d4]}) 27... Bb8 28. Bh8 $18)
23. dxc6 Bxc6 24. Bd5 $18 Bh2+ (24... Qb7 25. Bxf7+ Qxf7 26. Rxd6 Bb7 27. Rxc8+
Rxc8 28. Bc3 $18 {[%cal Gd6d7,Gg4d4,Gc3h8]}) 25. Kh1 Qb7 26. Kxh2 (26. Kxh2
Bxd5 27. Rxc8+ Rxc8 28. Rxd5 $18) 1-0